书目信息 |
| 题名: |
文献检索与知识发现指南
|
|
| 作者: | 吉久明 , 孙济庆 主编 | |
| 分册: | ||
| 出版信息: | 上海 华东理工大学出版社有限公司 2018 |
|
| 页数: | 160页 | |
| 开本: | 26cm | |
| 丛书名: | ||
| 单 册: | ||
| 中图分类: | G254.9 | |
| 科图分类: | ||
| 主题词: | 信息检索--高等教育--教材 | |
| 电子资源: | ||
| ISBN: | 978-7-5628-5560-6 | |
| 000 | 01239nam0 2200265 450 | |
| 001 | 012001002191 | |
| 005 | 20221207141629.28 | |
| 010 | @a978-7-5628-5560-6@dCNY36.00 | |
| 100 | @a20220905d2018 em y0chiy50 ea | |
| 101 | 0 | @achi |
| 102 | @aCN@b310000 | |
| 105 | @aa z 000yy | |
| 106 | @ar | |
| 200 | 1 | @a文献检索与知识发现指南@Awen xian jian suo yu zhi shi fa xian zhi nan@f吉久明,孙济庆主编 |
| 205 | @a3版 | |
| 210 | @a上海@c华东理工大学出版社有限公司@d2018 | |
| 215 | @a160页@c图@d26cm | |
| 300 | @a普通高等教育“十三五”规划教材 | |
| 330 | @a本书从信息问题解决模式开始,到检索工具概览、精通检索工具再到检索原理等,通过具体案例以及大量的练习和思考题代替简单的知识或操作过程描述,结合信息文化理念介绍信息安全、信息道德素养及创新思维培养等基本概念,扩充了文献管理及文献分析工具的应用,增加了创新入门方法,综述论文及学位论文的写作,尤其引入TRIZ专利规避方法,全面提升读者利用文献检索促进研究和开发的能力。通过人文社科、海事、财经、艺术设计、医学临床专题检索工具的案例介绍,使得本教材能覆盖更广泛的读者群体。 | |
| 606 | 0 | @a信息检索@x高等教育@j教材 |
| 690 | @aG254.9@v5 | |
| 701 | 0 | @a吉久明@Aji jiu ming@4主编 |
| 701 | 0 | @a孙济庆@Asun ji qing@4主编 |
| 801 | 0 | @aCN@bAHXH@c20221111 |
| 905 | @b1367712-4@dG254.9@e159=3@f3 | |
| 文献检索与知识发现指南/吉久明,孙济庆主编.-3版.-上海:华东理工大学出版社有限公司,2018 |
| 160页:图;26cm |
| 普通高等教育“十三五”规划教材 |
| ISBN 978-7-5628-5560-6:CNY36.00 |
| 本书从信息问题解决模式开始,到检索工具概览、精通检索工具再到检索原理等,通过具体案例以及大量的练习和思考题代替简单的知识或操作过程描述,结合信息文化理念介绍信息安全、信息道德素养及创新思维培养等基本概念,扩充了文献管理及文献分析工具的应用,增加了创新入门方法,综述论文及学位论文的写作,尤其引入TRIZ专利规避方法,全面提升读者利用文献检索促进研究和开发的能力。通过人文社科、海事、财经、艺术设计、医学临床专题检索工具的案例介绍,使得本教材能覆盖更广泛的读者群体。 |
| ● |
| 相关链接 |
|
|
|
|
正题名:文献检索与知识发现指南
索取号:G254.9/159=3
 
预约/预借
| 序号 | 登录号 | 条形码 | 馆藏地/架位号 | 状态 | 备注 |
| 1 | 1367712 | 213677127 | 第一样本阅览室/ [索取号:G254.9/159=3] | 在馆 | |
| 2 | 1367713 | 213677136 | 第四借阅区/ [索取号:G254.9/159=3] | 在馆 | |
| 3 | 1367714 | 213677145 | 第四借阅区/ [索取号:G254.9/159=3] | 在馆 |